000 00244nam a22001217a 4500
003 SGT
082 _a370
_bMIS
100 _aMISHRA, PITAMBAR
245 _aYOGA EDUCATION
260 _aDELHI
_bRI PUB.
_c2018
300 _a293
942 _2ddc
_cBK
999 _c17575
_d17575